00661 a2200217 4500999001900000003000500019005001700024020001500041038001200056040000900068082001500077100003200092245003500124260003800159300002400197538003000221600003200251650002500283942001200308952012300320 c529044d529044Nust20190918151133.0 a9695030424 aMSOHAIL cNust a891.439301 aHaq, Chaudhary Afzal920914 a Zindagic Chaudhray Afzal Haq aLahorebAl-Fasial Publisherc1993 a200 pbillusc18 cm aAlmirah No.66, Shelf No.6 aHaq, Chaudhary Afzal920914 aUrdu Literature9347 2ddccBK 00102ddc4070aNITbNITd2019-09-18l1m2o891.439301pNIT-10666q2026-05-13r2019-09-24s2019-09-24w2019-09-18yBK